000 00574nam a22002057i 4500
003 URS
005 20220822114420.0
040 _curs
050 1 4 _aB 5220
_bT55
100 _aTimbreza, Florentino T.
245 _aPilosopiyang Pilipino
_cFlorentino T. Timbreza
264 1 _aManila:
_bRex publishing,
_c1982.
300 _axviii, 148 pages;
_c22 cm.
336 _atext
_btxt
_2rdacontent
337 _aunmediated
_bn
_2rdamedia
338 _avolume
_bnc
_2rdacarrier
500 _aTalaaklatan: pahina 144-148.
650 _a1.Philosophy, Philippine. I.Title.
942 _cF
_2lcc
999 _c4059
_d4059